| 000 | 01108nam a22002775a 4500 | ||
|---|---|---|---|
| 003 | OSt | ||
| 005 | 20170116130556.0 | ||
| 008 | 161217s2016 ua frb 000 0 ara d | ||
| 015 | _a2014/26300 | ||
| 040 |
_aEG-ScBUE _bara _cEG-ScBUE |
||
| 043 | _af-ua--- | ||
| 082 | 0 | 4 |
_a341.33 _bم ح م _222 |
| 100 | 1 | _aمحمد، أحمد سليمان عبد الراضي. | |
| 245 | 1 | 2 |
_aالحصانة البرلمانية : _bدراسة مقارنة / _cتأليف أحمد سليمان عبد الراضي محمد. |
| 260 |
_aالقاهرة : _bدار النهضة العربية، _c2016. |
||
| 300 |
_a234 ص. ؛ _c24 سم. |
||
| 504 | _aيشتمل على إرجاعات ببليوجرافية. | ||
| 650 | 7 |
_aالحصانة البرلمانية _zمصر. _2BUEsh |
|
| 650 | 7 |
_aالحصانة الدبلوماسية _zمصر. _2BUEsh |
|
| 650 | 7 |
_aالهيئات التشريعية _zمصر. _2BUEsh |
|
| 650 | 7 |
_aالامتيازات والحصانة _zمصر. _2BUEsh |
|
| 651 | _2BUEsh | ||
| 653 |
_bLLAAWW _cDecember2016 |
||
| 650 | 7 |
_941131 _aالقانون الدستوري _zمصر _2BUEsh |
|
| 942 | _2ddc | ||
| 999 |
_c23603 _d23575 |
||